| 000 | 00689nam a2200181 i 4500 | ||
|---|---|---|---|
| 001 | 161431 | ||
| 003 | ES-MaACL | ||
| 005 | 20250907063122.0 | ||
| 008 | 041021s1897 fr |||| | fre d | ||
| 040 |
_aCAM _bspa _cCAM |
||
| 100 | 1 |
_aParis, Gaston, _d1839-1903 _989136 |
|
| 245 | 1 | 2 |
_aL'anneau de la morte _b: histoire d'une légende / _cpar Gaston Paris. |
| 260 |
_aParis : _bÉmile Bouillon, éditeur, _c1897 ( _fImprimerie Nationale) |
||
| 300 |
_a22 p. ; _c28 cm. |
||
| 500 | _aExtrait du Journal des Savants- Novembre-Décembre 1896. | ||
| 852 |
_aES-MaACL _jT-1070-F-8 _z-- Enc. hol. conservando la cub. original _z-- Enc. en un vol. facticio |
||
| 999 |
_c161431 _d161431 |
||